NLSUI OPAC header image

Defences against false rape & POCSO cases with new criminal laws perspectives / (Record no. 217928)

MARC details
000 -LEADER
fixed length control field 01893nam a22002297a 4500
005 - DATE AND TIME OF LATEST TRANSACTION
control field 20260409065752.0
008 - FIXED-LENGTH DATA ELEMENTS--GENERAL INFORMATION
fixed length control field 260409b |||||||| |||| 00| 0 eng d
020 ## - INTERNATIONAL STANDARD BOOK NUMBER
International Standard Book Number 9789395939645
Qualifying information (hardback)
082 ## - DEWEY DECIMAL CLASSIFICATION NUMBER
Classification number 345.540253 SRI
100 ## - MAIN ENTRY--PERSONAL NAME
Personal name Sriniwas S.K.P.
245 ## - TITLE STATEMENT
Title Defences against false rape & POCSO cases with new criminal laws perspectives /
Statement of responsibility, etc. S.K.P. Sriniwas.
260 ## - PUBLICATION, DISTRIBUTION, ETC.
Place of publication, distribution, etc. Delhi;
Name of publisher, distributor, etc. Vinod Publication,
Date of publication, distribution, etc. 2026.
300 ## - PHYSICAL DESCRIPTION
Extent ccxxviii, 1000 pages;
Dimensions 25 cm.
365 ## - TRADE PRICE
Price amount Rs. 2250.00
520 ## - SUMMARY, ETC.
Summary, etc. This comprehensive legal reference book by S.K.P Sriniwas, published by Vinod Publications (P) Ltd., offers detailed insights into defences against false rape cases and POCSO (Protection of Children from Sexual Offences) matters. The book thoroughly covers cross-examination techniques under POCSO and presents new criminal law perspectives. It includes extensive coverage of recent amendments, detailed contents spanning POCSO prosecution and implications, BNS 2023 provisions, and protection of children from sexual offences. The text features dedicated sections on women-centric changes, cross-examination intricacies, and comparative provisions. With detailed tables on sexual offences, pro-child and women victim provisions, and a comprehensive subject index, this book serves as an invaluable resource for legal professionals, practitioners, and scholars dealing with such sensitive cases. The systematic organisation of topics and in-depth analysis make it an essential reference for understanding the legal framework surrounding these crucial matters.
650 ## - SUBJECT ADDED ENTRY--TOPICAL TERM
Topical term or geographic name entry element False rape allegations — Law and legislation — India
650 ## - SUBJECT ADDED ENTRY--TOPICAL TERM
Topical term or geographic name entry element POCSO Act (India) — Legal interpretation
650 ## - SUBJECT ADDED ENTRY--TOPICAL TERM
Topical term or geographic name entry element Child sexual abuse — Law and legislation — India
650 ## - SUBJECT ADDED ENTRY--TOPICAL TERM
Topical term or geographic name entry element Criminal law reforms — India — 2023
650 ## - SUBJECT ADDED ENTRY--TOPICAL TERM
Topical term or geographic name entry element Sexual offences — Trials — India
942 ## - ADDED ENTRY ELEMENTS (KOHA)
Source of classification or shelving scheme Dewey Decimal Classification
Koha item type BOOKs
Holdings
Withdrawn status Lost status Source of classification or shelving scheme Materials specified (bound volume or other part) Damaged status Not for loan Home library Current library Shelving location Date acquired Source of acquisition Total Checkouts Full call number Barcode Date last seen Price effective from Koha item type Public note
    Dewey Decimal Classification HB     . . General Stacks 09.04.2026 Purchased - MPP House   345.540253 SRI 40801 09.04.2026 09.04.2026 BOOKs Recommended by Dr. Nagarathna A